Quimera y realidad de la razón, el racionalismo del siglo XVII

Uloženo v:
Podrobná bibliografie
Hlavní autor: Rensoli Laliga, Lourdes
Médium: Kniha
Jazyk:Undetermined
Vydáno: La Habana, Cuba Ciencias Sociales 1987
Témata:
Tagy: Přidat tag
Žádné tagy, Buďte první, kdo vytvoří štítek k tomuto záznamu!

MARC

LEADER 00000nam a2200000Ia 4500
008 170316s9999 xx 000 0 und d
090 |a 100 R-14.1q 
100 |a Rensoli Laliga, Lourdes 
245 |a Quimera y realidad de la razón, el racionalismo del siglo XVII 
260 |a La Habana, Cuba 
260 |b Ciencias Sociales 
260 |c 1987 
300 |a 248 páginas 
650 |a FILOSOFÍA 
999 |c 17403  |d 17403 
040 |a cru BVZT 
942 |c 15 D  |h 100 R-14.1q  |2 z